100 Biggest Cities starting with B - Statistics

General Stats
  • This quiz has been taken 191 times
  • The average score is 38 of 100
Answer Stats
Population Country City % Correct
13,076,300 Argentina Buenos Aires
98%
3,426,354 Germany Berlin
97%
5,104,476 Thailand Bangkok
96%
11,716,620 China Beijing
94%
7,674,366 Colombia Bogota
94%
1,741,041 Hungary Budapest
94%
1,877,155 Romania Bucharest
93%
7,216,000 Iraq Baghdad
92%
1,621,537 Spain Barcelona
92%
424,795 Venezuela Barcelona
92%
984,333 United Kingdom Birmingham
91%
1,916,100 Lebanon Beirut
90%
2,189,878 Australia Brisbane
90%
1,019,022 Belgium Brussels
88%
2,207,718 Brazil Brasilia
87%
3,678,555 South Korea Busan
87%
5,104,047 India Bangaluru/Bangalore
86%
1,273,651 Serbia Belgrade
84%
1,116,513 Azerbaijan Baku
83%
1,297,281 Mali Bamako
80%
900,000 Kyrgyzstan Bishkek
80%
2,373,224 Brazil Belo Horizonte
79%
1,284,609 Republic of the Congo Brazzaville
79%
423,737 Slovakia Bratislava
75%
667,137 United States Boston
74%
388,028 Guinea Bissau Bissau
69%
1,699,719 Indonesia Bandung
66%
617,280 United Kingdom Bristol
66%
546,501 Germany Bremen
65%
369,559 Czech Republic Brno
64%
1,380,425 Colombia Barranquilla
63%
463,064 South Africa Bloemfontein
63%
542,393 Central African Republic Bangui
62%
621,849 United States Baltimore
59%
366,133 Italy Bologna
58%
1,412,701 Turkey Bursa
58%
1,407,737 Brazil Belem
56%
392,939 Colombia Bello
55%
650,629 Libya Benghazi
53%
1,599,914 India Bhopal
50%
1,125,058 Nigeria Benin City
42%
385,729 Germany Bochum
40%
381,990 Turkey Batman
33%
366,452 Poland Bydgoszcz
31%
373,640 United States Bakersfield
29%
2,600,000 Iraq Basrah
28%
625,138 India Bhilai
26%
584,877 Malawi Blantyre
26%
809,490 Venezuela Barquisimeto
25%
699,385 Zimbabwe Bulawayo
25%
1,301,768 China Baotou
23%
433,806 Canada Brampton
23%
571,820 Colombia Bucaramanga
23%
427,236 Russia Bryansk
21%
800,348 Indonesia Bandar Lampung
17%
995,652 China Baoding
17%
360,106 Burkina Faso Bobo-Dioulasso
17%
599,579 Russia Barnaul
14%
1,164,352 Indonesia Batam
13%
530,604 Mozambique Beira
13%
1,520,119 Indonesia Bekasi
13%
576,648 China Bengbu
12%
987,717 China Benxi
12%
745,435 India Bareilly
10%
433,866 Indonesia Balikpapan
9%
454,898 Philippines Bacolod City
8%
800,000 Indonesia Bogor
8%
567,481 Ivory Coast Bouake
8%
393,835 Cameroon Bamenda
7%
572,837 Indonesia Banjarmasin
7%
407,208 Vietnam Bien Hoa
7%
762,243 India Bhubaneshwar
6%
576,015 India Bikaner
6%
552,607 Pakistan Bahawalpur
5%
356,974 Philippines Bacoor
4%
554,978 India Bhavnagar
4%
384,000 Brazil Betim
3%
391,336 Saudi Arabia Buraydah
3%
576,799 Turkey Bahcelievler
2%
543,342 Taiwan Banqiao
2%
1,760,000 China Bayan Nur
2%
466,096 Brazil Belford Roxo
2%
428,720 India Belgaum
2%
385,439 Mexico Benito Juarez
2%
605,344 South Africa Benoni
2%
361,548 India Bhagalpur
2%
707,035 India Bhiwandi
2%
380,000 Germany Bochum-Hordel
2%
418,533 India Bokaro
2%
445,168 South Africa Boksburg
2%
850,731 South Korea Bucheon-si
2%
724,270 Turkey Bagcilar
1%
700,000 Pakistan Battagram
1%
436,444 China Bei'an
1%
483,129 India Bhatpara
1%
520,301 India Bhayandar
1%
510,879 India Bilimora
1%
609,617 India Borivli
1%
786,499 Algeria Boumerdas
1%
1,273,715 Philippines Budta
1%
No matching quizzes found
Score Distribution
Percent of People with Each Score
Percentile by Number Answered
Your Score History
You have not taken this quiz